প্রেসক্রিপশন / (Record no. 27753)

MARC details
000 -LEADER
fixed length control field 00723nam a22001817a 4500
003 - CONTROL NUMBER IDENTIFIER
control field BDDh-ASL
005 - DATE AND TIME OF LATEST TRANSACTION
control field 20231015030807.0
008 - FIXED-LENGTH DATA ELEMENTS--GENERAL INFORMATION
fixed length control field 211109s1985 b ||||| |||| 00| 0 b d
040 ## - CATALOGING SOURCE
Original cataloging agency BDDh-ASL
Transcribing agency BDDh-ASL
082 ## - DEWEY DECIMAL CLASSIFICATION NUMBER
Classification number 615.1
Item number ISP
100 1# - MAIN ENTRY--PERSONAL NAME
9 (RLIN) 5922
Personal name ইসলাম, নুরুল
245 10 - TITLE STATEMENT
Title প্রেসক্রিপশন /
246 ## - VARYING FORM OF TITLE
Title proper/short title Prescription : A compilation of Articles against misuse and overuse of drugs, on Essential drugs and Bangladesh drug policy by Dr. Nurul Islam.
260 ## - PUBLICATION, DISTRIBUTION, ETC.
Place of publication, distribution, etc. ঢাকা :
Name of publisher, distributor, etc. অনোয়ারা ইসলাম,
Date of publication, distribution, etc. 1984.
300 ## - PHYSICAL DESCRIPTION
Extent 195 পৃ. :
Dimensions ২২ সে. মি.
650 #0 - SUBJECT ADDED ENTRY--TOPICAL TERM
9 (RLIN) 1910
Topical term or geographic name entry element চিকিৎসা বিজ্ঞান
942 ## - ADDED ENTRY ELEMENTS (KOHA)
Source of classification or shelving scheme Dewey Decimal Classification
Koha item type Books
Holdings
Withdrawn status Lost status Source of classification or shelving scheme Damaged status Not for loan Collection code Home library Current library Shelving location Date acquired Source of acquisition Total Checkouts Full call number Barcode Date last seen Copy number Price effective from Koha item type
    Dewey Decimal Classification     Non-fiction Asiatic Society Library Asiatic Society Library General Stacks 11/09/2021 Complimentary   615.1 ISP 113939 11/09/2021 C-1 11/09/2021 Books

Powered by Koha